000 00966cam a2200265 a 4500
001 4414831
003 ARRUPE
005 20130926111341.0
008 930405s1993 kyu b 001 0deng
010 _a 93019483
020 _a0664253857 (pbk. : alk. paper)
040 _aDLC
_cDLC
_dDLC
050 0 0 _aBV4510.2
_b.S665 1993
245 0 0 _aSpirituality in ecumenical perspective /
_cE. Glenn Hinson, editor.
250 _a1st ed.
260 _aLouisville, Ky. :
_bWestminster/John Knox Press,
_cc1993.
300 _axv, 200 p. ;
_c22 cm.
504 _aIncludes bibliographical references and index.
600 1 0 _aSteere, Douglas V.
_q(Douglas Van),
_d1901-1995.
_91345
650 0 _aSpirituality.
_91346
700 1 _aHinson, E. Glenn.
_91347
906 _a7
_bcbc
_corignew
_d1
_eocip
_f19
_gy-gencatlg
942 _2lcc
_cMONOGRAPH
999 _c118068
_d118068